Districts in Artvin - Statistics

General Stats
  • This quiz has been taken 11 times
  • The average score is 6 of 9
Answer Stats
District % Correct
Artvin Merkez
100%
Hopa
83%
Yusufeli
83%
Ardanuç
67%
Arhavi
67%
Borçka
67%
Şavşat
67%
Murgul
50%
Kemalpaşa
33%
No matching quizzes found
Score Distribution
Percent of People with Each Score
Percentile by Number Answered
Your Score History
You have not taken this quiz